Ο ελληνισμός της Αλβανίας
Αποθηκεύτηκε σε:
| Συλλογικό Έργο: | , |
|---|---|
| Άλλοι συγγραφείς: | , , |
| Μορφή: | Βιβλίο |
| Γλώσσα: | Greek |
| Δημοσίευση: |
Αθήνα :
Σιδέρης,
1995.
|
| Σειρά: | Βιβλιοθήκη διεθνών και ευρωπαϊκών μελετών
|
| Θέματα: | |
| Ετικέτες: |
Προσθήκη ετικέτας
Δεν υπάρχουν, Καταχωρήστε ετικέτα πρώτοι!
|
MARC
| LEADER | 00000cam a2200000 i 4500 | ||
|---|---|---|---|
| 001 | 1/5608 | ||
| 008 | 960610s1995 gr | ||| |||| ||gre|| | ||
| 020 | |a 9600800545 | ||
| 035 | |l 10016065 | ||
| 040 | |a GR-MY-UA |b gre |e aacr | ||
| 041 | 0 | |a gre | |
| 082 | 7 | |a 305.88904965 |2 (22) | |
| 245 | 0 | 2 | |a Ο ελληνισμός της Αλβανίας / |c επιμέλεια: Θ. Βερέμης, Θ. Κουλουμπής, Η. Νικολακόπουλος ; Πανεπιστήμιο Αθηνών, Τμήμα Πολιτικής Επιστήμης και Δημόσιας Διοίκησης ; Ελληνικό Ιδρυμα Ευρωπαϊκής και Εξωτερικής Πολιτικής. |
| 260 | |a Αθήνα : |b Σιδέρης, |c 1995. | ||
| 300 | |a 333 σ. : |b πίν. ; |c 24 εκ. | ||
| 490 | 1 | |a (Βιβλιοθήκη διεθνών και ευρωπαϊκών μελετών) | |
| 504 | |a Περιλαμβάνει γενική βιβλιογραφία. | ||
| 650 | 0 | |a Greeks |z Albania. | |
| 650 | 0 | |a Minorities |z Albania. | |
| 651 | 0 | |a Albania |x Economic conditions. | |
| 651 | 0 | |a Albania |x Ethnic relations. | |
| 700 | 1 | |a Βερέμης, Θάνος Μ., |d 1943- |e edt | |
| 700 | 1 | |a Κουλουμπής, Θεόδωρος Α., |d 1935- |e edt | |
| 700 | 1 | |a Νικολακόπουλος, Ηλίας Κων., |d 1947- |e edt | |
| 710 | 2 | |a Ελληνικό 'Ιδρυμα Ευρωπαϊκής και Εξωτερικής Πολιτικής. | |
| 710 | 2 | |a Πανεπιστήμιο Αθηνών |b Τμήμα Πολιτικής Επιστήμης και Δημόσιας Διοίκησης. | |
| 830 | 0 | |a Βιβλιοθήκη διεθνών και ευρωπαϊκών μελετών | |
| 852 | |a INST |b LESVOS |e 19960610 |h 305.8804965 ΕΛΛ |p 005100009978 |q 005100009978 |t BK |y 0 | ||
| 852 | |a INST |b RHODES |e 20041019 |h 305.8804965 ΕΛΛ |p 005400018374 |q 005400018374 |t BK |y 0 | ||
| 901 | |a BIBL4-2004-3 | ||
| 920 | |a ΔΙΕΥΡΥΝΣΗ |b ΕΠΕΑΕΚ ΙΙ-ΤΜΣ |y Ρόδος |z 2004-10 | ||
| 970 | |a ΚΟΥΛΑΚΙΟΤΗ |b ΛΙΤΣΑ |z 2004/10/19 | ||